000 01029nam a2200325 i 4500
001 000011343
003 DO-SdBNP
005 20240412074225.0
007 ta
008 091016s2002 dr r 000 0 spa d
020 _a999348671X
040 _aDO-SdBNP
_bspa
_cBNPHU
_erda
082 4 _aRD862.44
_bH557m
_222
100 1 _aHernández, Miguel R.,
_d1970-
_926946
_eautor
245 1 3 _aLa misiva de Poborsky /
_cMiguel R. Hernández, Maickel Ronzino.
260 _aSanto Domingo :
264 _aSanto Domingo :
_bEditora Nacional,
_c2002.
300 _a97 páginas
_c17 cm.
336 _2rdacontent
_atexto
_btxt
337 _2rdamedia
_asin mediación
_bn
338 _2rdacarrier
_avolumen
_bnc
490 0 _aLos premios
586 _aPremio anual de teatro Cristóbal de Llerena, 2001
590 _aInventariado, 2019/DG
650 0 _aTeatro dominicano
_9637
650 0 _aLiteratura dominicana.
_967
700 1 _aRonzino, Maickel
_926947
910 _aValidado. Control de calidad. MMOLINA
942 _2ddc
_cLBS1
999 _c11050
_d11050